Role manažera

Prehľad súboru zložitých úloh, funkcií a povinností manažéra členený podľa kritérií znalostí, schopností, prístupov k práci a hodnotám spracovaný v tabuľke.

Guardado en:
Detalles Bibliográficos
Autor principal: Stýblo, Jiří
Formato: Capítulo de libro
Lenguaje:checo
Materias:
Etiquetas: Agregar Etiqueta
Sin Etiquetas, Sea el primero en etiquetar este registro!

MARC

LEADER 00000naa a2200000 4500
001 r000750
005 20221213082532.2
041 0 |a cze 
044 |a CZ 
245 1 0 |a Role manažera  |c Jiří Stýblo 
520 |a Prehľad súboru zložitých úloh, funkcií a povinností manažéra členený podľa kritérií znalostí, schopností, prístupov k práci a hodnotám spracovaný v tabuľke. 
610 2 0 |a manažéri 
610 2 0 |a pracovníci vedúci 
610 2 0 |a povinnosti pracovníkov 
610 2 0 |a klasifikácia 
100 1 |a Stýblo, Jiří